| 000 | 00816nam a2200217 a 4500 | ||
|---|---|---|---|
| 001 | 59695 | ||
| 003 | BD-RjUL | ||
| 005 | 20211209080747.0 | ||
| 008 | 161226s1984 bg ||||| |||| 00| 0 ben d | ||
| 035 | _a(BD-RjUL)59819 | ||
| 040 |
_aBD-RjUL _bben _cBD-RjUL _dBD-RjUL |
||
| 041 | _aben | ||
| 082 |
_223 _a337 _bREA 1984 |
||
| 100 |
_aরেজা, সাদবেল আ,ল, _9134931 |
||
| 245 | 1 | 0 |
_aআন্তর্জাতিক অর্থনীতি / _cসাদবেল আ,ল, রেজা |
| 260 |
_aঢাকা : _bটাউন লাইব্রেরী, _c১৯৮৪ |
||
| 300 |
_a২৯৮ পৃ. : _bচিত্র ; _c২১ সেমি. |
||
| 650 |
_aআন্তর্জাতিক অর্থনীতি _9143788 |
||
| 650 |
_aInternational Economics _9143789 |
||
| 942 |
_2ddc _cBK |
||
| 999 |
_c59695 _d59695 |
||